UM Logo

College Needs and Cognitive Ability of Students in UM Digos College/ (Record no. 14770)

MARC details
000 -LEADER
fixed length control field 00658nam a22001697a 4500
008 - FIXED-LENGTH DATA ELEMENTS--GENERAL INFORMATION
fixed length control field 191209b ||||| |||| 00| 0 eng d
082 ## - DEWEY DECIMAL CLASSIFICATION NUMBER
Edition number 2018
Classification number UT 1389
Item number F16
100 ## - MAIN ENTRY--PERSONAL NAME
Personal name Formanez, Joenise Jay O.
9 (RLIN) 40843
245 ## - TITLE STATEMENT
Title College Needs and Cognitive Ability of Students in UM Digos College/
Statement of responsibility, etc. Joenise Jay O. Formanez, Nicamarice P. Mante and Archel C. Blanco
260 ## - PUBLICATION, DISTRIBUTION, ETC. (IMPRINT)
Place of publication, distribution, etc. Digos City
Name of publisher, distributor, etc. UMDC
Date of publication, distribution, etc. December 2018
300 ## - PHYSICAL DESCRIPTION
Extent 43 pages
Dimensions 360cm
650 ## - SUBJECT ADDED ENTRY--TOPICAL TERM
Topical term or geographic name as entry element Secondary Education
Form subdivision Mathematics
General subdivision Undergraduate Thesis
9 (RLIN) 40844
700 ## - ADDED ENTRY--PERSONAL NAME
Personal name Formanez, Joenise Jay O.
9 (RLIN) 40843
700 ## - ADDED ENTRY--PERSONAL NAME
Personal name Mante, Nicamarice P.
9 (RLIN) 40845
700 ## - ADDED ENTRY--PERSONAL NAME
Personal name Blanco, Archel C.
9 (RLIN) 40846
942 ## - ADDED ENTRY ELEMENTS (KOHA)
Source of classification or shelving scheme Dewey Decimal Classification
Koha item type Undergraduate Thesis
Holdings
Withdrawn status Lost status Source of classification or shelving scheme Damaged status Not for loan Collection code Home library Current library Date acquired Total Checkouts Full call number Barcode Date last seen Price effective from Koha item type
    Dewey Decimal Classification     Undergraduate Theses UM Digos College - LIC UM Digos College - LIC 11/29/2019   UT 1389 F16 2018 UT 1389 12/09/2019 12/09/2019 Undergraduate Thesis